000
00191nam a22001097a 4500
040
_c
SY
082
_a
635
100
_a
NA
245
_a
Project report
260
_a
AVRDC
_b
NA
_c
NA
942
_c
EK
999
_c
8802
_d
8802